MARC

Tag First Indicator Second Indicator Subfields
LEADER 00000pam a2200000 a 4500
001 in00000089334
005 20151008063412.0
008 801117s1981 wb a b 10000 eng
010 |a  80039739  
020 |a 0387104879 (U.S.) 
035 |a (OCoLC)07170948 
035 |9 AAK2160AM 
040 |a DLC  |c DLC  |d TXA  |d UtOrBLW 
049 |a TXAM  |c [985622] 
050 0 0 |a RC261  |b .R35 v. 76  |a RC271.C5 
090 |a RC261  |b .R35 v.76 
245 0 0 |a New drugs in cancer chemotherapy /  |c edited by S.K. Carter, Y. Sakurai, H. Umezawa. 
264 1 |a Berlin ;  |a New York :  |b Springer-Verlag,  |c 1981. 
300 |a xiv, 336 pages :  |b illustrations ;  |c 25 cm. 
336 |a text  |b txt  |2 rdacontent 
337 |a unmediated  |b n  |2 rdamedia 
338 |a volume  |b nc  |2 rdacarrier 
490 1 |a Recent results in cancer research ;  |v 76 
500 |a "U.S. Japan joint agreement on cancer research, 5th annual program review symposium, San Francisco (USA), May 21-22, 1979. Sponsored by the Swiss League against Cancer"--Title page verso. 
504 |a Includes bibliographies. 
650 0 |a Cancer  |x Chemotherapy  |v Congresses. 
650 0 |a Antineoplastic agents  |v Congresses. 
650 2 |a Antineoplastic Agents  |x therapeutic use  |x Congresses. 
650 2 |a Neoplasms  |x drug therapy  |x congresses. 
700 1 |a Carter, Stephen K.,  |d 1937- 
700 1 |a Sakurai, Yoshio. 
700 1 |a Umezawa, Hamao,  |d 1914- 
710 2 |a Schweizerische Nationalliga für Krebsbekämpfung und Krebsforschung. 
830 0 |a Recent results in cancer research ;  |v 76. 
999 |a MARS 
999 f f |s e4d6afbe-ff98-3a2b-9b8d-984e47a82e7e  |i 03fe0b7e-9212-352e-bc8e-09a069867777  |t 0 
952 f f |p ric  |a Texas A&M University  |b Rellis Campus  |c Joint Library Facility  |d Remote Storage  |t 0  |e RC261 .R35 v. 76  |h Library of Congress classification  |i unmediated -- volume  |m A14806229065 
998 f f |a RC261 .R35 v. 76  |t 0  |l Remote Storage